000 00535nam a2200145Ia 4500
999 _c20239
_d20239
082 _aRR 0267
100 _aRathi, Usha
245 0 _aSocio economic impact assessment of women development programme in Rajasthan:
_bspecial reference to Pali District of Rajasthan
260 _c2013
_bIndian Council of Social Science Research, New Delhi
300 _aix, 130p
504 _aIncludes Bibliography
650 _aWomen development programme
_zIndia
_zRajasthan
650 _aSocio economic development
_zIndia
_zRajasthan
942 _cRP
_2ddc